| 000 | 00466nam a2200157 a 4500 | ||
|---|---|---|---|
| 001 | 000031619 | ||
| 005 | 20200930063046.0 | ||
| 008 | 110628s2007 dr 000 0 spa d | ||
| 040 |
_aDO-SdBNP _bspa _cBNPHU |
||
| 082 |
_axxxx _bU58c |
||
| 110 | 2 |
_aUniversidad Católica Santo Domingo _91478 |
|
| 245 | 1 | 0 | _aCuadragésima graduación ordinaria. |
| 260 |
_aSanto Domingo : _bUniversidad Católica Santo Domingo, _c2007. |
||
| 300 |
_a[36 p.] ; _c21 cm. |
||
| 049 | _aBNPD | ||
| 999 |
_c31111 _d31111 |
||